000 00683nam a2200289Ia 4500
005 20260324143358.0
008 008 260324s9999 xx 000 0 eng d
020 _a9780429352034
037 _aEBOOK
040 _aCRL
040 _beng
040 _cCRL
041 _2eng
041 _aeng
084 _qCRL
100 _aGregg Sapp
_91215409
245 0 _aAccess Services in Libraries
245 0 _bNew Solutions for Collection Management
260 _bTaylor and Francis
260 _c1992
365 _a
365 _b170
856 _uhttp://www.taylorfrancis.com/books/9780429352034
942 _cEBOOK
999 _c1820750
_d1820750